| 000 | 00907nas a2200301 4500 | ||
|---|---|---|---|
| 001 | BR2014006696 | ||
| 003 | BR-BrBNA | ||
| 005 | 20231205124636.0 | ||
| 007 | ta | ||
| 008 | 230509b bl.|||p| |||| 00| 00por d | ||
| 040 |
_aBR-BrBNA _bpor _cBiblioteca Nacional de Agricultura |
||
| 041 | _a(En) | ||
| 072 | _aF03 | ||
| 100 | 1 | _aPartelli, F.L. | |
| 100 | 1 | _aCovre, A.M. | |
| 100 | 1 | _aOliveira, M.G. | |
| 100 | 1 | _aAlexandre, R.S. | |
| 100 | 1 | _aVitória, E.L. da | |
| 100 | 1 | _aSilva, M.B. da | |
| 245 | 1 | _aRoot system distribution and yield of Conilon coffee propagated by seeds or cuttings | |
| 650 | _aCAFÉ | ||
| 650 | _aSEMENTE | ||
| 650 | _aPROPAGAÇÃO VEGETATIVA | ||
| 650 | _aPRODUTIVIDADE | ||
| 773 | 0 |
_tPesquisa Agropecuária Brasileira (Brazil) _xISSN 0100-204X _g(May 2014), v. 49(5) p. 349-355 _wBR2014006696 |
|
| 909 |
_a202311 _bLúcia _c55 _dLúcia Elande |
||
| 942 |
_2AGRIS _n0 _cANA |
||
| 999 |
_c240140 _d240140 |
||